Reglamento del depósito legal de obras impresas : decreto de 23 de diciembre de 1957 decreto de 23 de diciembre de 1957
Publicado:
Madrid :
Ministerio de Educación Nacional, Dirección General de Archivos y Bibliotecas ,
1958
Descripción Física:
37 p. ; 17 cm
Otros Autores:
Espanya. Dirección General de Archivos y Bibliotecas
Materias:
Dipòsit legal -- Espanya -- Normes
MARC
| LEADER | 00000nam a2200000Ia 4500 | ||
|---|---|---|---|
| 001 | 14786 | ||
| 008 | 160829s1958 xx 000 0 cat d | ||
| 080 | |a FU-30-29 | ||
| 100 | |a Espanya. Lleis, etc. |9 23269 | ||
| 245 | |a Reglamento del depósito legal de obras impresas : |b decreto de 23 de diciembre de 1957 | ||
| 260 | |a Madrid : |b Ministerio de Educación Nacional, Dirección General de Archivos y Bibliotecas, |c 1958 | ||
| 300 | |a 37 p. ; |c 17 cm | ||
| 650 | |a Dipòsit legal |x Espanya |x Normes |9 24741 | ||
| 700 | |a Espanya. Dirección General de Archivos y Bibliotecas |9 22004 | ||
| 901 | |a Arxiu | ||
| 942 | |n 1 | ||
| 952 | |0 0 |1 0 |4 0 |6 FU3029 |7 1 |9 43298 |a Arxiu |b Arxiu |d 2016-12-01 |l 0 |o FU-30-29 |p 14786 |r 2016-12-01 00:00:00 |w 2016-12-01 |y ARXIU | ||
| 999 | |c 45843 |d 45843 | ||